The historic trees of Massachusetts /

Bibliographic Details
Main Author: Simmons, James Raymond
Format: Book
Language:English
Published: Boston : Marshall Jones company, 1919.
Subjects:

MARC

Tag First Indicator Second Indicator Subfields
LEADER 00000cam a2200000 4500
001 in00000042497
005 20151007072741.0
008 750801s1919 mauf 00010 eng u
010 |a  19017189  
035 |a (OCoLC)01499601 
035 |9 AAE8486AM 
040 |c DZM  |d TXA  |d UtOrBLW 
049 |a TXAM  |c [226080] 
050 0 0 |a QK484.M4  |b S5 
092 |a 582.16  |b S592h 
100 1 |a Simmons, James Raymond. 
245 1 4 |a The historic trees of Massachusetts /  |c by James Raymond Simmons. 
264 1 |a Boston :  |b Marshall Jones company,  |c 1919. 
300 |a xxi, 139 pages :  |b frontispiece plates. ;  |c 25 cm. 
336 |a text  |b txt  |2 rdacontent 
337 |a unmediated  |b n  |2 rdamedia 
338 |a volume  |b nc  |2 rdacarrier 
500 |a Maps on lining-papers. 
650 0 |a Trees  |z Massachusetts. 
999 |a MARS 
999 f f |s ab35938b-3a2f-32b3-a6c0-63528aa0375f  |i 32d2bd94-f289-305a-b753-44a5c4f50d9d  |t 0 
952 f f |p ric  |a Texas A&M University  |b Rellis Campus  |c Joint Library Facility  |d Remote Storage  |t 0  |e QK484.M4 S5  |h Library of Congress classification  |i unmediated -- volume  |m A14800995650 
998 f f |a QK484.M4 S5  |t 0  |l Remote Storage